000 00824nam a22002297a 4500
001 47424
003 BD-RjUL
005 20211209054318.0
008 160808s1995 bg ||||| |||| 00| 0 ben d
020 _a9848161042
035 _a(BD-RjUL)
040 _aBD-RjUL
_bben
_cBD-RjUL
_dBD-RjUL
041 _aben
082 _223
_a330.95492
_bPAM 1995
100 _aপাল, বিরূপাল
_9144233
245 1 0 _aমুক্তবাজার অর্থনীতি ও বাংলাদেশ /
_cবিরূপাল পাল
260 _aঢাকা :
_bরামন পাবলিশার্স,
_c১৯৯৫
300 _a১২০ পৃ. ;
_c২১ সেমি.
650 _aঅর্থনীতি
_zবাংলাদেশ
_9120722
650 _aEconomics
_zBangladesh
_9144234
942 _2ddc
_cBK
999 _c47424
_d47424